000 00873cam a22002657a 4500
003 CHAP
005 20220329134351.0
008 971013s r 00010 d
010 _a19426
011 _a20398
035 _a24486
040 _cCHAP
090 _aD-82
110 2 _aCentro Internacional de Agricultura Tropical
_921185
245 1 0 _aRecomendaciones básicas sobre el manejo de agroquímicos (Diapositiva)
260 _a(Cali :
_bCentro Internacional de Agricultura Tropical,
_c(s.a.)
300 _a137 diapositivas col. 2 x 2 plg. y 1 cassette (guía del maestro)
590 _aBATCH-UPD
_b10
_c20130110
_lUCH01
_h2102
590 _aCONVERSION
_b10
_c20130109
_lUCH01
_h1312
650 1 4 _aPesticidas
_xAlmacenamiento.
_987537
650 1 4 _aPesticidas
_xManejo.
_987562
901 _aBK
942 _cD
949 _aD-82
_bBC
_cD
_d-56396
_eD
_h59611
_i24486
_si
999 _c19426
_d19426